Öko-Controlling Umweltschutz in mittelständischen Unternehmen

Saved in:
Bibliographic Details
Main Author: Hallay, Hendric
Other Authors: Pfriem, Reinhard
Format: Book
Language:German
Published: Frankfurt am Main Campus 1992
Edition:1. Aufl.
Subjects:
Tags: Add Tag
No Tags, Be the first to tag this record!

MARC

LEADER 00000nam a2200000 4500
001 c011027
005 20221206084822.6
020 |a 3-593-34738-5 
041 0 |a ger 
044 |a DE 
245 1 0 |a Öko-Controlling  |b Umweltschutz in mittelständischen Unternehmen  |c Hendric Hallay, Reinhard Pfriem 
250 |a 1. Aufl. 
264 1 |a Frankfurt am Main  |b Campus  |c 1992 
300 |a 226 s. 
610 2 0 |a ekológia 
610 2 0 |a prostredie životné 
610 2 0 |a ochrana prostredia životného 
610 2 0 |a kontroling 
610 2 0 |a podnik stredný 
610 2 0 |a plánovanie 
610 2 0 |a riadenie 
100 1 |a Hallay, Hendric 
700 1 |a Pfriem, Reinhard